000 00347nam a2200145Ia 4500
008 240624s9999 xx 000 0 und d
041 _aeng
082 _a658.8 AAK
100 _aAAKER DAVID A
245 _aSTRATEGIC MARKET MANAGEMENT
250 _a(9th ed.)
260 _c2012
_aNew Delhi
_bWiley India
300 _a356 : p.
365 _cRS
_b30
999 _c21803
_d21803